Fundamental of electromagnetism: Vacuum electromagnetism media and relativity (Record no. 15478)

MARC details
000 -LEADER
fixed length control field 00486nam a2200169Ia 4500
008 - FIXED-LENGTH DATA ELEMENTS--GENERAL INFORMATION
fixed length control field 230917s9999||||xx |||||||||||||| ||und||
020 ## - ISBN
Price RS795
040 ## - CATALOGING SOURCE
-- 227498
Original cataloging agency VIVEKANANDA LIBRARY
041 ## - Language
-- English
082 ## - DDC NUMBER
Classification number 537 D27F
100 ## - MAIN ENTRY--PERSONAL NAME
Personal name Davalos, A Lopez
245 #0 - TITLE STATEMENT
Title Fundamental of electromagnetism: Vacuum electromagnetism media and relativity
260 ## - PUBLICATION, DISTRIBUTION, ETC. (IMPRINT)
Place of publication, distribution, etc Berlin
Name of publisher, distributor, etc Springer
Date of publication, distribution, etc 2009
300 ## - PHYSICAL DESCRIPTION
Pages xv, 294 p.
500 ## - GENERAL NOTE
General note 2078 10/08/2015 RBP15/2078 28/08/2015 Main Budget
942 ## - ADDED ENTRY ELEMENTS (KOHA)
Koha item type Books
Holdings
Withdrawn status Lost status Damaged status Not for loan Location (home branch) Sublocation or collection (holding branch) Date acquired Koha issues (times borrowed) Koha full call number Accession No. Koha date last seen Koha item type
        VIVEKANANDA LIBRARY VIVEKANANDA LIBRARY 29/10/2015   537 D27F 343455 17/09/2023 Books
        VIVEKANANDA LIBRARY VIVEKANANDA LIBRARY 29/10/2015   537 D27F 355282 17/09/2023 Books
        VIVEKANANDA LIBRARY VIVEKANANDA LIBRARY 29/10/2015   537 D27F 356416 17/09/2023 Books
        VIVEKANANDA LIBRARY VIVEKANANDA LIBRARY 29/10/2015   537 D27F 356417 17/09/2023 Books
        VIVEKANANDA LIBRARY VIVEKANANDA LIBRARY 29/10/2015   537 D27F 356418 17/09/2023 Books
© Designed and Maintained by Vivekananda Library, MDU Rohtak